[Event "Orbis IM 2018"]
[Site "Paracin"]
[Date "2018.07.17"]
[Round "5"]
[White "Brankovic, Dejan"]
[Black "Konaplev, Anton"]
[Result "0-1"]
[WhiteElo "2377"]
[BlackElo "2316"]
[Annotator "TA"]
[PlyCount "142"]
[EventDate "2018.??.??"]
[EventCountry "SRB"]
[SourceTitle "playchess.com"]
[Source "ChessBase"]
[SourceQuality "1"]

{[%evp 18,142,7,0,9,-10,-10,-25,0,-8,-8,-20,0,0,0,0,0,0,0,0,0,0,39,-10,0,-12,0,0,0,0,0,0,0,-18,-10,-12,-8,-35,38,37,67,-59,-76,-60,-59,-59,-47,-55,-44,-49,-28,-59,-27,-27,-16,-59,-59,-59,-37,-41,-40,-65,-62,-152,-69,-123,-116,-118,-93,-146,-139,-145,-135,-139,-135,-145,-139,-131,-125,-95,-77,-63,-57,-62,-50,-135,-142,-403,-403,-397,-347,-660,-570,-12810,-5073,-29964,-12665,-29967,-29964,-5393,-5114,-5104,-4690,-12665,-12189,-5577,-5189,-29970,-29971,-29975,-29976,-29976,-29977,-29977,-29977,-29978,-29976,-29973,-5356,-5102,-3350,-29988,-29989,-29989,-29990,-29990,-29991]} 1. e4 e6 2. Qe2 c5 3. Nf3 Nc6 4. g3 g6 5. Bg2 Bg7 6. O-O d6 7. c3 Nge7 8. Rd1 e5 {C00: Französische Verteidigung (Seltene Züge)} (8... d5 9. d3 O-O 10. h4 e5 11. Nbd2 Bg4 12. Nf1 Qd7 13. Ne3 Be6 14. Ng5 d4 15. Nxe6 Qxe6 16. Nd5 {0-1 (87) Mamedov,R (2637)-Nguyen,N (2625) Khanty-Mansiysk 2013}) 9. a3 O-O 10. b4 {LiveBook: 4 Partien} Bg4 {Die Stellung ist ausgeglichen.} 11. h3 $146 ({Vorgänger:} 11. d3 Qd7 12. Nbd2 Rad8 13. bxc5 dxc5 14. Nc4 f5 15. Ne3 Bh5 16. Rb1 {0-1 (34) Klapiszewski,T (2172)-Behling,H (2275) ICCF email 2002}) 11... Be6 12. Bb2 Qb6 13. d3 h6 14. Nbd2 a5 {[%cal Ra5b4]} 15. Nc4 Bxc4 16. dxc4 axb4 17. cxb4 Nd4 18. Nxd4 cxd4 19. h4 Qc6 20. Rac1 Nc8 21. c5 dxc5 22. Rxc5 Qe6 23. Qc4 Qxc4 24. Rxc4 Nd6 25. Rc5 Rfe8 26. f3 Bf8 27. Bf1 f6 (27... Nxe4 $15 28. fxe4 Bxc5 29. bxc5 Rec8) 28. Rdc1 $14 f5 29. Bc4+ ({Günstiger ist} 29. exf5 $14 Nxf5 30. Bc4+ Kg7 31. Rc7+ Re7 32. Bd3) 29... Nxc4 $15 30. R5xc4 fxe4 31. fxe4 Bd6 32. Rf1 Kg7 33. Kg2 Rec8 34. Rfc1 Rxc4 (34... Rcb8 {feels hotter.} 35. Rf1 h5 36. Rf2 Rc8 37. Rc1 Be7) 35. Rxc4 {[%mdl 4096] Endspiel KTL-KTL} Kf7 36. Rc1 Ke6 37. Kf3 Rf8+ 38. Ke2 h5 39. Rg1 Be7 40. Rc1 (40. b5 $15) 40... Kd7 (40... g5 $1 $17 41. hxg5 Bxg5) 41. Rc4 (41. b5 $15) 41... g5 $17 42. hxg5 Bxg5 43. Bc1 (43. Bxd4 $142 exd4 44. Rxd4+ Ke6 45. Rd5) 43... Bxc1 44. Rxc1 {KT-KT} Ra8 $1 45. Ra1 b5 46. Kd2 Kd6 $1 47. Ke2 Rc8 $1 48. a4 bxa4 49. Rxa4 Rc3 $1 {[%cal Rc3g3]} 50. Ra6+ Kd7 51. Kf2 (51. Rh6 $15) 51... Re3 $1 52. Rh6 $2 {[%mdl 8192]} (52. Ra7+ $17 Kc6 53. Ra6+ Kd7 54. Ra7+ Kc6 55. Ra6+ Kc7 56. Rh6) 52... Rxe4 $19 53. Rxh5 Kc6 54. Rh1 $2 (54. Rh4 Re3 55. g4) 54... Kb5 55. Rb1 d3 56. g4 Re2+ 57. Kf1 Rc2 58. g5 e4 59. g6 Rc6 60. Kf2 Rxg6 61. Ke3 Rd6 62. Kd2 Kc4 63. b5 {[#]} e3+ $1 {[%mdl 512]} 64. Kxe3 {[#]} d2 $1 {[%cal Rd2d1]} 65. Ke2 {[#]} Kc3 $1 66. b6 Re6+ 67. Kf2 {[#]} Rxb6 $1 {[%mdl 512]} 68. Rxb6 d1=Q {( -> ...Dd4+)} 69. Re6 Qd4+ {Schwarz setzt Matt.} 70. Kg3 Kd2 71. Re8 Qg7+ {Precision: Weiß = 35%, Schwarz = 61%.} 0-1

[Event "Orbis IM 2018"]
[Site "Paracin"]
[Date "2018.07.17"]
[Round "5"]
[White "Milanovic, Slavisa"]
[Black "Bergsson, Stefan"]
[Result "1-0"]
[WhiteElo "2370"]
[BlackElo "2192"]
[Annotator "NA"]
[PlyCount "58"]
[EventDate "2018.??.??"]
[EventCountry "SRB"]
[SourceTitle "playchess.com"]
[Source "ChessBase"]
[SourceQuality "1"]
[TimeControl "40/5400+30:1800+30"]

1. c4 {[%emt 0:00:00]} c5 {[%emt 0:01:57]} 2. Nf3 {[%emt 0:00:03]} Nc6 {[%emt 0:00:48]} 3. d4 {[%emt 0:00:20]} cxd4 {[%emt 0:01:46]} 4. Nxd4 {[%emt 0:00:11]} Nf6 {[%emt 0:04:54]} 5. Nc3 {[%emt 0:01:43]} Qb6 {[%emt 0:00:33]} 6. Nc2 {[%emt 0:16:00]} e6 {[%emt 0:02:30]} 7. g3 {[%emt 0:06:50]} d5 {[%emt 0:03:35] A33: Symmetrical English: 2 Nf3 Nf6 3 d4 cxd4 4 Nxd4 e6 5 Nc3 Nc6} 8. cxd5 {[%emt 0:06:36]} (8. Bg2 dxc4 9. Ne3 Ne5 10. Nxc4 Nxc4 11. Qa4+ Bd7 12. Qxc4 Bc5 13. O-O Rc8 14. Qh4 Bc6 15. Bh6 gxh6 16. Qxf6 {½-½ (32) Dubov,D (2660)-Rodshtein,M (2698) Sochi 2017}) 8... exd5 {[%emt 0:01:09]} 9. Nxd5 {[%emt 0:09:16]} Nxd5 {[%emt 0:00:37]} 10. Qxd5 {[%emt 0:00:13]} Be6 {[%emt 0:00:39]} 11. Qe4 {[%emt 0:04:57]} Bc5 $146 {[%emt 0:11:28]} ({Predecessor:} 11... Bb4+ 12. Nxb4 Qxb4+ 13. Qxb4 Nxb4 14. Kd1 O-O 15. Bd2 {0-1 (22) Blees,A-Danner,G (2410) Caorle 1981}) 12. Be3 {[%emt 0:05:55]} Qxb2 {[%emt 0:10:23]} 13. Bh3 {[%emt 0:12:55]} Bxe3 {[%emt 0:29:55]} 14. Bxe6 {[%emt 0:03:29]} Qc3+ {[%emt 0:02:20]} 15. Kf1 {[%emt 0:00:41]} fxe6 {[%emt 0:04:11]} 16. fxe3 {[%emt 0:05:38]} O-O+ {[%emt 0:00:11]} 17. Kg2 {[%emt 0:00:12]} Rad8 {[%emt 0:07:04]} 18. Rhf1 {[%emt 0:04:16]} e5 {[%emt 0:05:24]} 19. Rxf8+ {[%emt 0:04:46]} Rxf8 {[%emt 0:00:17]} 20. Rd1 {[%emt 0:00:18]} Na5 {[%emt 0:03:39]} 21. Rd7 {[%emt 0:08:42]} Qc8 {[%emt 0:02:17]} 22. Qd5+ {[%emt 0:00:54]} Kh8 {[%emt 0:00:03]} 23. Qd6 {[%emt 0:00:47]} Nc4 {[%emt 0:03:13]} 24. Qc7 $11 {[%emt 0:01:47]} Qe8 {[%emt 0:00:21]} 25. Re7 {[%emt 0:02:15]} Qb5 {[%emt 0:00:47]} 26. Rxg7 {[%emt 0:00:52]} Qd5+ {[%emt 0:01:59]} 27. Kh3 {[%emt 0:00:42]} Qe6+ {[%emt 0:00:01]} 28. Rg4 {[%emt 0:01:55]} Rg8 {[%emt 0:00:42]} 29. Qxc4 {[%emt 0:00:08]} Qh6+ {[%emt 0:01:47]} 1-0

[Event "Orbis IM 2018"]
[Site "Paracin"]
[Date "2018.07.17"]
[Round "5"]
[White "Sredojevic, Ivan"]
[Black "Avalyan, Artur"]
[Result "1/2-1/2"]
[WhiteElo "2298"]
[BlackElo "2315"]
[Annotator "ChessBase"]
[PlyCount "84"]
[EventDate "2018.??.??"]
[EventCountry "SRB"]
[SourceTitle "playchess.com"]
[Source "ChessBase"]
[SourceQuality "1"]
[TimeControl "40/5400+30:1800+30"]

1. e4 {[%emt 0:00:00]} e6 {[%emt 0:00:00]} 2. d4 {[%emt 0:00:00]} d5 {[%emt 0:00:00]} 3. Nd2 {[%emt 0:00:00]} c5 {[%emt 0:00:07]} 4. Ngf3 {[%emt 0:00:00]} Nf6 {[%emt 0:00:41]} 5. exd5 {[%emt 0:00:04]} exd5 {[%emt 0:00:05]} 6. Bb5+ {[%emt 0:00:41]} Bd7 {[%emt 0:00:04]} 7. Qe2+ {[%emt 0:00:47]} Be7 {[%emt 0:00:05]} 8. dxc5 {[%emt 0:01:21]} O-O {[%emt 0:00:12]} 9. Bxd7 {[%emt 0:00:26]} Nbxd7 {[%emt 0:00:11]} 10. O-O {[%emt 0:00:37]} Nxc5 {[%emt 0:00:43]} 11. Nb3 {[%emt 0:00:39]} Nce4 {[%emt 0:00:48]} 12. Be3 {[%emt 0:00:13]} Re8 {[%emt 0:03:16]} 13. Rad1 {[%emt 0:03:00]} Qc7 {[%emt 0:02:02]} 14. Nbd4 {[%emt 0:02:29]} a6 {[%emt 0:03:01]} 15. Rfe1 {[%emt 0:03:48]} Rad8 {[%emt 0:02:19]} 16. h3 {[%emt 0:13:49]} Bf8 {[%emt 0:02:27]} 17. c3 {[%emt 0:01:01]} Nd6 {[%emt 0:08:58]} 18. Qc2 {[%emt 0:01:17]} Nfe4 {[%emt 0:01:30]} 19. Bf4 {[%emt 0:00:46]} Qb6 {[%emt 0:01:51]} 20. Ng5 {[%emt 0:01:05]} g6 {[%emt 0:08:15]} 21. Nxe4 {[%emt 0:07:26]} Nxe4 {[%emt 0:00:30]} 22. Qb3 {[%emt 0:00:33]} Qf6 {[%emt 0:02:42]} 23. Be3 {[%emt 0:00:02]} b5 {[%emt 0:10:11]} 24. Nf3 {[%emt 0:00:24]} Qc6 {[%emt 0:00:53]} 25. Bd4 {[%emt 0:02:37]} a5 {[%emt 0:11:43]} 26. Ne5 {[%emt 0:03:20]} Qb7 {[%emt 0:00:12]} 27. Ng4 {[%emt 0:03:12]} Bg7 {[%emt 0:02:57]} 28. Bxg7 {[%emt 0:01:33]} Kxg7 {[%emt 0:00:04]} 29. Ne3 {[%emt 0:06:45]} Nf6 {[%emt 0:01:55]} 30. Rd4 {[%emt 0:07:21]} Re4 {[%emt 0:06:08]} 31. Red1 {[%emt 0:00:06]} Rxd4 {[%emt 0:08:57]} 32. Rxd4 {[%emt 0:00:02]} Rd7 {[%emt 0:00:07]} 33. Qc2 {[%emt 0:00:16]} Re7 {[%emt 0:03:53]} 34. Qd2 {[%emt 0:00:05]} Re5 {[%emt 0:00:26]} 35. a4 {[%emt 0:08:22]} Qc6 {[%emt 0:02:16]} 36. axb5 {[%emt 0:02:06]} Qxb5 {[%emt 0:00:05]} 37. Rf4 {[%emt 0:00:10]} Nd7 {[%emt 0:13:05]} 38. Ng4 {[%emt 0:02:05]} Re6 {[%emt 0:00:24]} 39. Rd4 {[%emt 0:02:06]} Nb6 {[%emt 0:01:33]} 40. c4 {[%emt 0:00:00]} Nxc4 {[%emt 0:00:00]} 41. Qc3 {[%emt 0:06:24]} f6 {[%emt 0:09:01]} 42. b3 {[%emt 0:01:07]} Nd6 {[%emt 0:16:19]} 1/2-1/2

[Event "Orbis IM 2018"]
[Site "Paracin"]
[Date "2018.07.17"]
[Round "5"]
[White "Isha, Sharma"]
[Black "Ozenir, Ekin Baris"]
[Result "1/2-1/2"]
[WhiteElo "2062"]
[BlackElo "2300"]
[Annotator "TA"]
[PlyCount "95"]
[EventDate "2018.??.??"]
[EventCountry "SRB"]
[SourceTitle "playchess.com"]
[Source "ChessBase"]
[SourceQuality "1"]

{[%evp 16,95,44,39,35,22,81,83,96,77,71,-47,-42,-45,-42,-81,-62,-67,0,-164,-33,-45,-45,-24,-32,-130,-106,-103,-109,-98,-101,-100,-104,-247,-243,-327,-203,-316,-230,-350,-181,-169,-176,-189,-200,-375,-353,-426,-350,-396,-397,-335,-133,-336,-3,-4,0,0,13,14,22,15,62,-18,0,0,0,0,0,0,0,0,0,0,0,0,0,0,0,0,0,0]} 1. e4 Nc6 2. Nf3 d6 3. d4 Nf6 4. Nc3 g6 5. h3 Bg7 6. Be3 O-O 7. Qd2 e5 8. dxe5 {B08: Pirc-Ufimzew-Verteidigung} dxe5 9. O-O-O {LiveBook: 5 Partien} Qe7 (9... Qxd2+ 10. Rxd2 a6 11. a3 b6 12. g4 h6 13. g5 hxg5 14. Nxg5 Bb7 15. Bc4 Rae8 {½-½ (29) Karthikeyan,M (2585)-Gordievsky,D (2630) Moscow 2018}) 10. Bc4 {Weiß steht etwas besser.} b6 $146 (10... Be6 $11 {hält das Gleichgewicht.} 11. Qe2 Rfd8) ({Vorgänger:} 10... Be6 11. Nd5 Bxd5 12. exd5 Rad8 13. Qe1 Nb4 14. a3 Nbxd5 15. Bg5 Nb6 16. Rxd8 Qxd8 17. Nxe5 Nxc4 18. Nxc4 {½-½ (31) Dinev,D (2285)-Abramovic,B (2415) Veliko Gradiste 2018}) 11. Nd5 $16 Nxd5 12. Bxd5 ({Viel schlechter ist} 12. exd5 $6 Na5 $11) 12... Bb7 13. Qc3 ({Besser ist} 13. Bg5 $16 Bf6 14. Bxf6 Qxf6 15. Kb1) 13... Nb4 $15 14. Bb3 c5 $1 ({Bitte nicht} 14... Bxe4 $6 15. Bg5 $14) 15. Bg5 {[#]} Qc7 $1 16. Rhe1 a5 (16... b5 $15 17. Kb1 Rfc8) 17. a3 $2 {[#]} (17. a4 $11 {und Weiss muss sich keine Sorgen machen.}) 17... Nc6 (17... b5 $1 $19 18. Kb1 Rfc8) 18. Bd5 Nd4 19. Nxd4 exd4 20. Qd2 (20. Qf3 $15) 20... Bxd5 $17 21. exd5 Qd7 22. Be7 Qxd5 23. Bxf8 Qa2 {[%cal Ra2a1]} 24. Qf4 (24. c3 $17 {war angesagt.} Rxf8 25. f4) 24... Rxf8 $19 25. Kd2 Qxb2 26. Ke2 (26. Qg3 {ist der einzige Weg für Weiss..} c4 27. Rb1) 26... Qxa3 27. Rb1 (27. Kf1 $142) 27... Qc3 (27... Qa4 $142 28. Qd2 Qc6) 28. Qd2 {Weiss will Dxc3 spielen.} Qc4+ 29. Qd3 Qd5 30. Rxb6 $2 (30. Qf3 Qd6 31. Qb3) 30... Qxg2 31. Qg3 Qd5 32. Kd1 c4 33. Rb8 a4 $2 (33... Bf6 $19 34. Rb6 d3 35. Rxf6 Qb5 36. cxd3 Qb1+ 37. Ke2 Re8+ 38. Kf3 Rxe1) 34. Ree8 $2 (34. Rxf8+ $17 {war die einzige Verteidigung.} Bxf8 35. Re8) 34... Qh1+ $2 (34... c3 $19 {...a3 ist eine echte Drohung.} 35. Ra8 Qb5) 35. Ke2 $11 Qd5 36. Qa3 {[%cal Re8f8]} Qh5+ 37. f3 {[%cal Re8f8]} Qh6 38. Ra8 c3 {Droht ...Dd2+ und aus.} 39. Qxa4 (39. Kd3 $1 $14) 39... Qxh3 {Die Stellung ist ausgeglichen.} 40. Rxf8+ Bxf8 41. Qxd4 $14 {[%mdl 4096] Endspiel KDT-KDL} Qg2+ 42. Ke3 Qxc2 {[#]} 43. Rxf8+ $1 {[%mdl 512]} Kxf8 $11 {KD-KD} 44. Qd8+ Kg7 {Und weiter mit ...Dc1+ wäre nett.} 45. Qd4+ f6 46. Qd7+ Kg8 (46... Kh6 $5 47. Qh3+ $8 Kg7 48. Qd7+ Kf8 49. Qd8+ Kg7 50. Qd7+ $11) 47. Qe8+ Kg7 {( -> ...Dd2+)} 48. Qd7+ {Precision: Weiß = 46%, Schwarz = 35%.} 1/2-1/2

[Event "Orbis IM 2018"]
[Site "Paracin"]
[Date "2018.07.17"]
[Round "5"]
[White "Scott, Luke"]
[Black "Markovic, Milan D"]
[Result "1-0"]
[WhiteElo "1887"]
[BlackElo "2312"]
[Annotator "NA"]
[PlyCount "91"]
[EventDate "2018.??.??"]
[EventCountry "SRB"]
[SourceTitle "playchess.com"]
[Source "ChessBase"]
[SourceQuality "1"]
[TimeControl "40/5400+30:1800+30"]

1. d4 {[%emt 0:00:00]} Nf6 {[%emt 0:00:00]} 2. c4 {[%emt 0:00:00]} e5 {[%emt 0:00:00]} 3. dxe5 {[%emt 0:00:53]} Ng4 {[%emt 0:00:12]} 4. a3 {[%emt 0:20:58]} Nc6 {[%emt 0:04:56]} 5. Nf3 {[%emt 0:05:19]} Bc5 {[%emt 0:01:55]} 6. e3 {[%emt 0:00:35]} a5 {[%emt 0:00:08]} 7. Be2 {[%emt 0:03:29]} O-O {[%emt 0:02:05] A52: Budapest Gambit} 8. Nbd2 {[%emt 0:01:53]} Bxe3 $146 {[%emt 0:11:53]} ({Predecessor:} 8... Re8 9. O-O Ngxe5 10. Nxe5 Nxe5 11. b3 d5 12. Bb2 dxc4 13. Nxc4 Nxc4 14. Bxc4 Qxd1 15. Rfxd1 Bg4 16. Rd5 Be7 17. Re5 Kf8 18. h3 Bd7 {0-1 (29) Hetey,L (2410)-Jugelt,T (2375) Poznan 1996}) 9. fxe3 {[%emt 0:01:06]} Nxe3 {[%emt 0:00:06]} 10. Qb3 {[%emt 0:00:41]} Nxg2+ {[%emt 0:00:08]} 11. Kf2 {[%emt 0:12:23]} a4 {[%emt 0:01:05]} 12. Qc3 {[%emt 0:01:05]} Nf4 {[%emt 0:03:42]} 13. Re1 {[%emt 0:00:27]} d6 {[%emt 0:08:39]} 14. exd6 {[%emt 0:04:19]} Nh3+ {[%emt 0:02:20]} 15. Kg2 {[%emt 0:01:50]} Nf4+ {[%emt 0:05:52]} 16. Kf2 {[%emt 0:01:19]} Re8 {[%emt 0:15:06]} 17. dxc7 {[%emt 0:09:01]} Qxc7 {[%emt 0:17:30]} 18. Nf1 {[%emt 0:08:25]} Nh3+ {[%emt 0:01:05]} 19. Kg2 {[%emt 0:00:18]} Bg4 {[%emt 0:01:40]} 20. Bd2 {[%emt 0:03:28]} Ne7 {[%emt 0:01:49]} 21. Ng1 {[%emt 0:09:49]} Qc6+ {[%emt 0:14:47]} 22. Bf3 {[%emt 0:01:47]} Bxf3+ {[%emt 0:00:37]} 23. Qxf3 {[%emt 0:01:07]} Nxg1 {[%emt 0:00:13]} 24. Qxc6 {[%emt 0:00:20]} Nxc6 {[%emt 0:00:04]} 25. Ne3 $2 {[%emt 0:06:36]} (25. Rxe8+ $18 Rxe8 26. Kxg1) 25... Rad8 {[%emt 0:02:41]} 26. Rad1 {[%emt 0:00:18]} Nd4 {[%emt 0:02:28]} 27. Rxg1 {[%emt 0:01:01]} Nb3 {[%emt 0:00:07]} 28. Bc3 {[%emt 0:00:31]} f6 {[%emt 0:00:44]} 29. Rxd8 {[%emt 0:00:22]} Rxd8 {[%emt 0:00:05]} 30. Rd1 {[%emt 0:00:07]} Re8 $18 {[%emt 0:00:04]} 31. Kf3 {[%emt 0:00:21]} Nc5 {[%emt 0:00:10]} 32. Bb4 {[%emt 0:01:18]} Ne6 {[%emt 0:00:36]} 33. h4 {[%emt 0:00:49]} g5 {[%emt 0:00:20]} 34. Ng4 {[%emt 0:00:47]} f5 {[%emt 0:03:11]} 35. Nf6+ {[%emt 0:00:22]} Kf7 {[%emt 0:00:05]} 36. Nxe8 {[%emt 0:00:11]} g4+ {[%emt 0:00:04]} 37. Kf2 {[%emt 0:00:17]} Kxe8 {[%emt 0:00:10]} 38. Re1 {[%emt 0:01:00]} Kf7 {[%emt 0:00:05]} 39. Rxe6 {[%emt 0:01:06]} Kxe6 {[%emt 0:00:05]} 40. Ke3 {[%emt 0:00:00]} h5 {[%emt 0:00:00]} 41. Kf4 {[%emt 0:00:07]} b6 {[%emt 0:00:38]} 42. Bc3 {[%emt 0:00:09]} Kd6 {[%emt 0:00:06]} 43. Bd4 {[%emt 0:00:20]} Kc6 {[%emt 0:00:06]} 44. Kxf5 {[%emt 0:00:13]} b5 {[%emt 0:00:05]} 45. cxb5+ {[%emt 0:01:09]} Kxb5 {[%emt 0:00:09]} 46. Be5 {[%emt 0:00:18]} 1-0

[Event "Orbis IM 2018"]
[Site "Paracin"]
[Date "2018.07.18"]
[Round "6"]
[White "Avalyan, Artur"]
[Black "Konaplev, Anton"]
[Result "1/2-1/2"]
[WhiteElo "2315"]
[BlackElo "2316"]
[Annotator "TA"]
[PlyCount "48"]
[EventDate "2018.??.??"]
[EventCountry "SRB"]
[SourceTitle "playchess.com"]
[Source "ChessBase"]
[SourceQuality "1"]

{[%evp 34,38,12,14,24,20,15]} 1. d4 Nf6 2. c4 e6 3. Nf3 d5 4. g3 Be7 5. Bg2 O-O 6. O-O dxc4 7. Ne5 Nc6 8. Bxc6 bxc6 9. Nxc6 Qe8 10. Nxe7+ Qxe7 11. Qa4 e5 12. dxe5 Qxe5 13. Qxc4 Be6 {E05: Open Catalan: 5 Nf3 Be7} 14. Qd3 Rad8 15. Qe3 Qh5 16. f3 Rfe8 17. Qf2 Bc4 18. Nc3 {LiveBook: 10 Games} Nd5 {[#] Threatens to win with ...Nxc3.} 19. Re1 Nxc3 {[#]} {Predecessor:} 20. bxc3 $146 Qb5 21. e4 Rd3 22. Bf4 Rxc3 23. a4 Qa6 24. Rec1 Rxc1+ {½-½ (24) Papaioannou,I (2628)-Beliavsky,A (2656) Novi Sad 2009} 1/2-1/2

[Event "Orbis IM 2018"]
[Site "Paracin"]
[Date "2018.07.18"]
[Round "6"]
[White "Markovic, Milan D"]
[Black "Brankovic, Dejan"]
[Result "1/2-1/2"]
[WhiteElo "2312"]
[BlackElo "2377"]
[Annotator "NA"]
[PlyCount "34"]
[EventDate "2018.??.??"]
[EventCountry "SRB"]
[SourceTitle "playchess.com"]
[Source "ChessBase"]
[SourceQuality "1"]
[TimeControl "40/5400+30:1800+30"]

{[%evp 8,34,41,32767,32767,32767,32767,32767,32767,32767,32767,32767,32767,32767,32767,32767,2,32767,-30,32767,-9,-19,22,22,25,36,44,16,47]} 1. e4 c5 2. Nf3 Nc6 3. Bb5 g6 4. Bxc6 dxc6 {LiveBook: 2903 Partien} 5. d3 Bg7 6. Nc3 e5 7. Be3 Qe7 8. h3 Nf6 9. Qd2 O-O 10. Bh6 Nh5 {B31: Sicilian: 2...Nc6 3 Bb5 g6} (10... Bxh6 11. Qxh6 Nh5 12. O-O-O f6 13. g3 b5 14. Nh4 a5 15. f4 b4 16. Ne2 Ng7 17. g4 b3 18. cxb3 {1-0 (43) Iermito,S (2498)-Rodriguez Vila,A (2486) Buenos Aires 2017}) 11. Bxg7 Nxg7 12. O-O-O f6 13. g4 $146 ({Predecessor:} 13. Qh6 Ne6 14. Ne2 a5 15. g4 a4 16. Nh4 Qf7 17. Rdg1 b5 18. Rg3 {0-1 (32) Bakharev,V-Ambartsoumian,A (2355) Podolsk 1990}) 13... Ne6 14. Rdg1 Nd4 15. Nxd4 $1 cxd4 16. Ne2 c5 17. f4 exf4 $14 1/2-1/2

[Event "Orbis IM 2018"]
[Site "Paracin"]
[Date "2018.07.18"]
[Round "6"]
[White "Ozenir, Ekin Baris"]
[Black "Milanovic, Slavisa"]
[Result "1/2-1/2"]
[WhiteElo "2300"]
[BlackElo "2370"]
[Annotator "NA"]
[PlyCount "86"]
[EventDate "2018.??.??"]
[EventCountry "SRB"]
[SourceTitle "playchess.com"]
[Source "ChessBase"]
[SourceQuality "1"]
[TimeControl "40/5400+30:1800+30"]

1. d4 {[%emt 0:00:00]} e6 {[%emt 0:00:00]} 2. c4 {[%emt 0:00:02]} Nf6 {[%emt 0:00:00]} 3. Nc3 {[%emt 0:00:31]} Bb4 {[%emt 0:00:00]} 4. e3 {[%emt 0:00:42]} b6 {[%emt 0:00:00]} 5. Be2 {[%emt 0:01:39]} Bb7 {[%emt 0:00:43] E43: Nimzo-Indian: Rubinstein: 4...b6} 6. Bf3 {[%emt 0:01:36]} Qc8 {[%emt 0:04:15]} (6... Ne4 7. Nge2 O-O 8. a3 Bxc3+ 9. Nxc3 f5 10. Bxe4 fxe4 11. Qg4 Qf6 12. O-O Qf5 13. Qxf5 Rxf5 {0-1 (66) Paehtz,E (2486)-Kosteniuk,A (2552) Erfurt 2017}) 7. Bd2 {[%emt 0:17:08]} O-O {[%emt 0:05:59]} 8. d5 $146 {[%emt 0:12:15]} ({Predecessor:} 8. Nce2 Be7 9. h3 d5 10. cxd5 Nxd5 11. a3 c5 12. Nc3 Rd8 13. Nxd5 Bxd5 {½-½ (31) Ovcharenko,L (2294)-Ilyasov,A (2336) ICCF email 2014}) 8... exd5 {[%emt 0:05:55]} 9. Nxd5 {[%emt 0:05:05]} Nxd5 {[%emt 0:01:27]} 10. cxd5 {[%emt 0:01:23]} Bxd2+ {[%emt 0:00:50]} 11. Qxd2 {[%emt 0:00:09]} c5 {[%emt 0:00:10]} 12. Ne2 {[%emt 0:05:28]} d6 {[%emt 0:01:15]} 13. O-O {[%emt 0:01:42]} Nd7 {[%emt 0:00:49]} 14. Ng3 {[%emt 0:02:59]} Qd8 {[%emt 0:09:54]} 15. Be2 {[%emt 0:06:14]} Re8 {[%emt 0:14:40]} 16. e4 {[%emt 0:05:19]} a6 {[%emt 0:19:43]} 17. a4 {[%emt 0:01:16]} Rc8 {[%emt 0:01:33]} 18. b3 {[%emt 0:04:28]} g6 {[%emt 0:20:18]} 19. Bc4 {[%emt 0:11:46]} Qh4 {[%emt 0:02:23]} 20. f3 {[%emt 0:05:22]} Ne5 {[%emt 0:04:13]} 21. Rad1 {[%emt 0:02:40]} Re7 {[%emt 0:01:09]} 22. Qf2 {[%emt 0:03:07]} Rb8 {[%emt 0:01:06]} 23. Kh1 {[%emt 0:01:38]} Kf8 {[%emt 0:01:43]} 24. Qe2 {[%emt 0:01:18]} b5 {[%emt 0:00:17]} 25. axb5 {[%emt 0:00:26]} axb5 {[%emt 0:00:05]} 26. Bxb5 {[%emt 0:00:58]} Bc8 {[%emt 0:00:26]} 27. Bc4 {[%emt 0:01:23]} f5 {[%emt 0:00:05]} 28. Qf2 {[%emt 0:01:19]} Ra7 {[%emt 0:01:57]} 29. exf5 {[%emt 0:01:30]} gxf5 {[%emt 0:00:06]} 30. Qc2 {[%emt 0:01:23]} Qf4 {[%emt 0:02:02]} 31. Ne2 {[%emt 0:01:06]} Qh6 {[%emt 0:01:17]} 32. Qd2 {[%emt 0:00:50]} Qxd2 {[%emt 0:00:16]} 33. Rxd2 {[%emt 0:00:05]} Rb4 {[%emt 0:00:33]} 34. Rc2 {[%emt 0:00:43]} Ra3 {[%emt 0:00:51]} 35. h3 {[%emt 0:00:38]} Ba6 {[%emt 0:00:49]} 36. Bxa6 {[%emt 0:01:47]} Rxa6 {[%emt 0:00:01]} 37. f4 {[%emt 0:00:29]} Ng6 {[%emt 0:00:20]} 38. Rf3 {[%emt 0:01:05]} Ra3 {[%emt 0:00:25]} 39. Rcc3 {[%emt 0:00:19]} Re4 {[%emt 0:00:54]} 40. Rfe3 {[%emt 0:00:00]} Rxe3 {[%emt 0:00:00]} 41. Rxe3 {[%emt 0:01:02]} c4 {[%emt 0:08:38]} 42. Nd4 {[%emt 0:02:50]} Ne7 {[%emt 0:02:56]} 43. Rf3 $11 {[%emt 0:02:19]} cxb3 {[%emt 0:00:58]} 1/2-1/2

[Event "Orbis IM 2018"]
[Site "Paracin"]
[Date "2018.07.18"]
[Round "6"]
[White "Sredojevic, Ivan"]
[Black "Isha, Sharma"]
[Result "1-0"]
[WhiteElo "2298"]
[BlackElo "2062"]
[Annotator "NA"]
[PlyCount "83"]
[EventDate "2018.??.??"]
[EventCountry "SRB"]
[SourceTitle "playchess.com"]
[Source "ChessBase"]
[SourceQuality "1"]
[TimeControl "40/5400+30:1800+30"]

1. d4 d6 2. Nf3 Nf6 3. g3 {g} g6 {Bg} 4. Bg2 Bg7 5. O-O O-O 6. a4 c5 {A49: Königsindisch (ohne c2-c4)} (6... c6 7. Nc3 Nbd7 8. e4 e5 9. Re1 Re8 10. h3 Qc7 11. a5 Rb8 12. b3 b5 13. axb6 axb6 14. Ba3 Bf8 15. d5 Bb7 16. dxc6 Bxc6 17. Nd2 b5 18. Bb4 Ra8 19. Qe2 Qb6 {1-0 (69) Zhao,J (2604)-Adhiban,B (2655) Riadh 2017}) 7. c3 {a} a6 $146 ({Vorgänger:} 7... Nc6 8. Na3 cxd4 9. cxd4 Bf5 10. Nh4 Ne4 11. Nxf5 gxf5 12. e3 d5 13. f3 Nd6 14. Qb3 {1-0 (25) Granero Roca,A (2447)-Pena Riasco,A (2218) La Roda 2010}) 8. Na3 ({Besser ist} 8. dxc5 $16 dxc5 9. Qxd8 Rxd8 10. Be3) 8... cxd4 9. cxd4 d5 10. Ne5 Qb6 11. Nc2 Nc6 12. Nxc6 Qxc6 13. Bg5 Be6 14. e3 Qb6 15. Qd2 h6 16. Bxf6 Bxf6 17. Nb4 Qa5 18. Rfd1 Rfd8 19. Nd3 Qxd2 20. Rxd2 Bf5 21. Rc1 e6 22. Rc7 Rab8 23. Nc5 Rdc8 24. Rxc8+ {Rxc} Rxc8 25. a5 Bd8 26. b4 Rc7 27. f3 g5 $1 28. e4 Bg6 29. exd5 exd5 30. f4 gxf4 31. gxf4 Be7 ({Black should try} 31... Bh4 $14) 32. Bxd5 Bd6 33. Re2 Kf8 (33... Bf5 $16 34. Kf2 Kf8) 34. Kg2 Bxc5 35. dxc5 Rd7 36. Bf3 Bd3 37. Re5 $18 Bb5 38. Rd5 Rxd5 39. Bxd5 Bc6 40. Bxc6 bxc6 41. Kg3 Kg7 42. b5 1-0